|
|
|
|
| LEADER |
01441nam a2200385 a 4500 |
| 001 |
EBC1344636 |
| 003 |
MiAaPQ |
| 005 |
20200520144314.0 |
| 006 |
m o d | |
| 007 |
cr cn||||||||| |
| 008 |
130902s2014 enk sb 001 0 eng d |
| 020 |
|
|
|z 9780415675840
|
| 020 |
|
|
|z 9780415675833
|
| 020 |
|
|
|a 9780203798904 (electronic bk.)
|
| 035 |
|
|
|a (MiAaPQ)EBC1344636
|
| 035 |
|
|
|a (Au-PeEL)EBL1344636
|
| 035 |
|
|
|a (CaPaEBR)ebr10747235
|
| 035 |
|
|
|a (CaONFJC)MIL510555
|
| 035 |
|
|
|a (OCoLC)864700381
|
| 040 |
|
|
|a MiAaPQ
|c MiAaPQ
|d MiAaPQ
|
| 050 |
|
4 |
|a HM1221
|b .S769 2014
|
| 082 |
0 |
4 |
|a 659.2
|2 23
|
| 100 |
1 |
|
|a Smith, Ronald D.,
|d 1948-
|
| 245 |
1 |
0 |
|a Public relations
|h [electronic resource] :
|b the basics /
|c Ron Smith.
|
| 260 |
|
|
|a Oxfordshire, England ;
|a New York :
|b Routledge,
|c c2014.
|
| 300 |
|
|
|a 1 online resource (ix, 268 p.).
|
| 490 |
1 |
|
|a Basics
|
| 504 |
|
|
|a Includes bibliographical references and index.
|
| 533 |
|
|
|a Electronic reproduction. Ann Arbor, MI : ProQuest, 2015. Available via World Wide Web. Access may be limited to ProQuest affiliated libraries.
|
| 588 |
|
|
|a Description based on online resource; title from title page (ebrary, viewed September 2, 2013).
|
| 650 |
|
0 |
|a Public relations.
|
| 655 |
|
4 |
|a Electronic books.
|
| 710 |
2 |
|
|a ProQuest (Firm)
|
| 830 |
|
0 |
|a Basics (Routledge (Firm))
|
| 856 |
4 |
0 |
|u https://ebookcentral.proquest.com/lib/matrademy/detail.action?docID=1344636
|z Click to View
|